<?xml version="1.0" encoding="UTF-8"?>
<record
    xmlns:xsi="http://www.w3.org/2001/XMLSchema-instance"
    xsi:schemaLocation="http://www.loc.gov/MARC21/slim http://www.loc.gov/standards/marcxml/schema/MARC21slim.xsd"
    xmlns="http://www.loc.gov/MARC21/slim">

  <leader>01344nab a2200253   4500</leader>
  <controlfield tag="003">AR-RoBPED</controlfield>
  <controlfield tag="005">20260408115925.0</controlfield>
  <controlfield tag="008">260408b        |||||||| |||| 00| 0 spa d</controlfield>
  <datafield tag="040" ind1=" " ind2=" ">
    <subfield code="a">AR-RoBPED</subfield>
  </datafield>
  <datafield tag="041" ind1=" " ind2=" ">
    <subfield code="a">spa</subfield>
  </datafield>
  <datafield tag="100" ind1="1" ind2=" ">
    <subfield code="a">Carnevale, Gabriela</subfield>
    <subfield code="9">27510</subfield>
    <subfield code="e">Licenciada y profesora en Psicopedagog&#xED;a</subfield>
  </datafield>
  <datafield tag="245" ind1="1" ind2=" ">
    <subfield code="a">&#xBF;Qu&#xE9; aprenden en la escuela secundaria los adolescentes hoy? /</subfield>
  </datafield>
  <datafield tag="260" ind1=" " ind2=" ">
    <subfield code="a">Buenos Aires :</subfield>
    <subfield code="b">Noveduc,</subfield>
    <subfield code="c">2025</subfield>
  </datafield>
  <datafield tag="300" ind1=" " ind2=" ">
    <subfield code="a">54-58 p.</subfield>
  </datafield>
  <datafield tag="500" ind1=" " ind2=" ">
    <subfield code="a">Las autoras analizan las apreciaciones sobre los aprendizajes escolares que manifiestan estudiantes que transitan los &#xFA;ltimos a&#xF1;os de la educaci&#xF3;n secundaria en la provincia de R&#xED;o Negro. Las palabras de los adolescentes se encuentran organizadas en tres ejes alrededor de lo que dicen sobre: la escuela, los transmisores (profesores) y el objeto de transmisi&#xF3;n (saberes, maneras, usos), articulando as&#xED; con las nociones de transmisi&#xF3;n y aprendizaje.</subfield>
  </datafield>
  <datafield tag="650" ind1=" " ind2="7">
    <subfield code="a">NIVEL MEDIO</subfield>
    <subfield code="9">3552</subfield>
  </datafield>
  <datafield tag="650" ind1=" " ind2="7">
    <subfield code="a">ESCUELA</subfield>
    <subfield code="9">20136</subfield>
  </datafield>
  <datafield tag="650" ind1=" " ind2="7">
    <subfield code="a">ADOLESCENTES</subfield>
    <subfield code="9">2906</subfield>
  </datafield>
  <datafield tag="650" ind1=" " ind2="7">
    <subfield code="a">APRENDIZAJE</subfield>
    <subfield code="9">560</subfield>
  </datafield>
  <datafield tag="700" ind1="1" ind2=" ">
    <subfield code="a">O' toole, Mar&#xED;a Camila</subfield>
    <subfield code="9">30731</subfield>
    <subfield code="e">Profesora en Psicopedagog&#xED;a</subfield>
  </datafield>
  <datafield tag="773" ind1="0" ind2=" ">
    <subfield code="0">20414</subfield>
    <subfield code="9">41867</subfield>
    <subfield code="d">Buenos Aires :  Noveduc,  1993-</subfield>
    <subfield code="t">Novedades Educativas</subfield>
    <subfield code="w">(AR-RoBPED)20414</subfield>
    <subfield code="x">03283534</subfield>
  </datafield>
  <datafield tag="942" ind1=" " ind2=" ">
    <subfield code="2">udc</subfield>
    <subfield code="c">REV</subfield>
    <subfield code="h">37(05)</subfield>
    <subfield code="m">Nov 86 N&#xB0; 400 (Febr.2025)</subfield>
    <subfield code="a">k.32528</subfield>
  </datafield>
  <datafield tag="945" ind1=" " ind2=" ">
    <subfield code="a">mar 04/2026</subfield>
  </datafield>
  <datafield tag="999" ind1=" " ind2=" ">
    <subfield code="c">32528</subfield>
    <subfield code="d">32528</subfield>
  </datafield>
</record>
